000 00853nam a2200241Ia 4500
003 OSt
005 20210830132316.0
008 210310s1957 sp fr 001 0 spa d
040 _aCO-JMCR
_cCO-JMCR
041 0 _aspa
082 0 4 _a340.09/
_bD328d
_223
100 1 _aDekker, René,
_917214
_eautor
245 1 3 _aEl derecho privado de los pueblos /
_cRené Dekker ; traducción de Francisco Javier Osset
260 _aMadrid :
_bEditorial Revista de Derecho Privado,
_c1957
300 _axv, 625 páginas ;
_c22 cm.
490 0 _aSerie B: Monografías fundamentales de derecho privado público ;
_v25
500 _aIncluye índice alfabético y notas a pie de página.
505 0 _aVariaciones -- Dominantes
650 1 4 _aLey
_917216
650 2 4 _aLey Civil
_912475
700 1 _aOsset, Francisco Javier,
_etraductor
_94854
942 _2ddc
_cBK
999 _c8419
_d8419